Projecte Atenea : dones i treball qualificat : Pacte Territorial de Mataró dones i treball qualificat :
Publicado:
Barcelona :
Diputació de Barcelona. Àrea de Desenvolupament Econòmic. Servei de Mercat de Treball ,
2008
Descripción Física:
56 p. : taules ; 29 cm
MARC
| LEADER | 00000nam a2200000Ia 4500 | ||
|---|---|---|---|
| 001 | 21201 | ||
| 008 | 160829s2008 xx 000 0 cat d | ||
| 080 | |a M-6-154 | ||
| 245 | |a Projecte Atenea : |b dones i treball qualificat : |b Pacte Territorial de Mataró | ||
| 260 | |a Barcelona : |b Diputació de Barcelona. Àrea de Desenvolupament Econòmic. Servei de Mercat de Treball, |c 2008 | ||
| 300 | |a 56 p. : |b taules ; |c 29 cm | ||
| 650 | 0 | |a Dones |x Treball |z Mataró |9 9865 | |
| 650 | |a Projecte Atenea |9 44034 | ||
| 710 | |a Barcelona (Catalunya : Província). |b Servei de Mercat de Treball |9 52905 | ||
| 901 | |a Arxiu | ||
| 942 | |n 1 | ||
| 952 | |0 0 |1 0 |4 0 |6 M6154 |7 1 |9 51750 |a Arxiu |b Arxiu |d 2016-12-01 |l 0 |o M-6-154 |p 21201 |r 2016-12-01 00:00:00 |w 2016-12-01 |y ARXIU | ||
| 999 | |c 55596 |d 55596 | ||